000 00525cam a2200193ua 4500
001 6690
008 140308n ii |||gr||||Z||||||eng
020 _a0-07-460129-6
040 _cMAIN
082 _a657.45
245 _aContemporary Auditing :
_bfor students /
_cBy Kamal Gupta .
250 _a4th ed.
260 _aNew delhi:
_bTata McGraw-hill publishing company limited,
_c1994.
300 _axix,973p.
653 _aAccounting
653 _aContemporary Auditing
700 _aGupta,Kamal,
_eAuthor.,
942 _cBK
999 _c5839
_d5839